Fr. Conceicao Rodrigues College of Engineering

Westermann Tables (Record no. 23450)

MARC details
000 -LEADER
fixed length control field 00333nam a2200169Ia 4500
082 ## - DEWEY DECIMAL CLASSIFICATION NUMBER
Item number JUT
100 ## - MAIN ENTRY--PERSONAL NAME
Personal name Jutz/Herman
250 ## - EDITION STATEMENT
Edition statement 2
245 ## - TITLE STATEMENT
Title Westermann Tables
260 ## - PUBLICATION, DISTRIBUTION, ETC.
Name of publisher, distributor, etc. New Age Int (P) Ltd
Date of publication, distribution, etc. 2006
366 ## - TRADE AVAILABILITY INFORMATION
Publishers's discount category 20
300 ## - PHYSICAL DESCRIPTION
Extent 151
546 ## - LANGUAGE NOTE
Language note ENGLISH
650 ## - SUBJECT ADDED ENTRY--TOPICAL TERM
Topical term or geographic name entry element Tables
654 ## - SUBJECT ADDED ENTRY--FACETED TOPICAL TERMS
Focus term westermann
942 ## - ADDED ENTRY ELEMENTS (KOHA)
Koha item type BOOK
Holdings
Withdrawn status Lost status Damaged status Not for loan Collection Home library Current library Date acquired Source of acquisition Cost, normal purchase price Inventory number Total Checkouts Full call number Barcode Date last seen Cost, replacement price Price effective from Koha item type
        CRC Fr. Agnel's C.Rodrigues College of Engineering Fr. Agnel's C.Rodrigues College of Engineering 17/03/2023 Allied Publisher 159.20 895 dt 09.01.2018   JUT 25162 17/03/2023 199.00   BOOK